000 00651nam a2200253Ia 4500
003 OSt
005 20221007075617.0
006 a|||||r|||| 00| 0
007 ta
008 221006b |||||||| |||| 00| 0 eng d
024 _a1,382
037 _cTextual
040 _aFLL
_cFLL
_beng
041 _2eng
_aeng
082 _aX722:Z2, M0.1
100 _aAiyar S. K.
245 0 _aLaw and practice of estate duty
250 _a2nd
260 _aNew Delhi
_bMetropolitan Book Co. Pvt. Ltd. India
_c1980
300 _a592p
_ccm.
490 _vVol.1
942 _hX722:Z2, M0.1
_cTEXL
_2CC
999 _c1156730
_d1156730